| 000 | 00724nam a2200289Ia 4500 | ||
|---|---|---|---|
| 005 | 20260324132148.0 | ||
| 008 | 008 260324s9999 xx 000 0 eng d | ||
| 020 | _a9781003238362 | ||
| 037 | _aEBOOK | ||
| 040 | _aCRL | ||
| 040 | _beng | ||
| 040 | _cCRL | ||
| 041 | _2eng | ||
| 041 | _aeng | ||
| 084 | _qCRL | ||
| 100 |
_aStephen S. Young _91188253 |
||
| 245 | 0 | _aSuper Smart | |
| 245 | 0 | _b180 Challenging Thinking Activities, Words, and Ideas for Advanced Students (Grades 4-10) | |
| 260 | _bTaylor and Francis | ||
| 260 | _c2005 | ||
| 365 | _a | ||
| 365 | _b89.99 | ||
| 856 | _uhttp://www.taylorfrancis.com/books/9781003238362 | ||
| 942 | _cEBOOK | ||
| 999 |
_c1786095 _d1786095 |
||